01180agaaa2200277 45000010005000000030009000050050017000140070009000310080040000400400023000800410013001031000050001161300019001662450126001852500022003112600072003333000034004055080121004395110084005605200048006445380016006925460013007086500056007217000063007777000062008405300IT-RoPAU20220918181243.0d cvaizq50131s9999||||xx ||| | || ||und|| aIT-RoPAUcIT-RoPAU aITALIANO aTarkovskij AndrejgCodice regista SPICS: 1652 aANDREI ROUBLEV aANDREI ROUBLEVcProdotto da: Mosfilm Diretto da: Tarkovskij AndrejpANDREI ROUBLEV (Rif. Codice opera principale : A5300) aEdizione Standard a(URSS)bMOSFILM / g"1969 (1° ed.: 1991 ; Ed. Lingua Orig.: 1969)" aVHSbsonoro, col.c140 minuti a"Fotografia: Jusov Vadim; Montaggio: Fejghinova Egoryceva; Musica: Ovcinnikov Viaceslav; Scenografia: Cernjaev E.; " a"Solonicyn Anatolij; Lapikov Ivan; Grinko Nikolaj; Sergheev Nikolaj; Raus Irma" aVEDI ANCHE 9960/76450 9960/79208 9960/79207 aPAL, STEREO aITALIANO aDRAMMATICOeFILMS [VHS]xCodice MATERIA SPICS: 9960 aOvcinnikov Viaceslave(musica)gCodice Musica SPICS: 26929 aTarkovskij Andrej e(regista)gCodice regista SPICS: 1652